000 00425nam a2200205Ia 4500
001 004579
003 YMCAF
005 20230512160304.0
008 100717s1964 ||||||||||||||||| ||und|d
024 _a4579
035 _a4570
040 _aYMCAF
_beng
_cIN-KoLT
041 _aeng
082 _aBAS-FRY11
100 _aFRYE JOHN T.
245 0 _aBASIC RADIO COURSE
260 _c1964
300 _a232
942 _2ddc
_cBK
999 _c3585
_d3585